Countries With The Most Egyptian Ancestry - Statistics

General Stats
  • This quiz has been taken 31 times
  • The average score is 21 of 25
Answer Stats
Total Country % Correct
116 mil Egypt
100%
230,000 Qatar
96%
1,47 mil Saudi Arabia
96%
750,000 United Arab Emirates
96%
38,000 United Kingdom
96%
15,000 France
93%
644,000 Kuwait
93%
60,000 Oman
93%
500,000 Sudan
93%
279,640 United States
93%
105,600 Canada
89%
29,600 Germany
89%
140,320 Italy
89%
40,000 Lebanon
89%
28,000 Turkey
89%
14,500 Greece
86%
56,740 Israel
86%
1,15 mil Jordan
86%
46,560 Australia
75%
130,000 Brazil
71%
25,600 Netherlands
68%
12,000 Sweden
64%
24,000 Argentina
61%
34,300 Austria
54%
39,500 South Africa
43%
No matching quizzes found
Score Distribution
Percent of People with Each Score
Percentile by Number Answered
Your Score History
You have not taken this quiz